Porous Materials: Processing and Applications

Detaylı Bibliyografya
Diğer Yazarlar: Liu P. S. (редактор), Chen G. F.
Özet:Заглавие с титульного экрана
Режим доступа: из корпоративной сети ТПУ
Dil:İngilizce
Baskı/Yayın Bilgisi: Amsterdam, Elsevier, 2014
Konular:
Online Erişim:http://www.lib.tpu.ru/fulltext2/m/2016/science_book/Porous%20Materials_2014.pdf
Materyal Türü: MixedMaterials Elektronik Kitap
KOHA link:https://koha.lib.tpu.ru/cgi-bin/koha/opac-detail.pl?biblionumber=317291

MARC

LEADER 00000nlm0a2200000 4500
001 317291
005 20231102002947.0
035 |a (RuTPU)RU\TPU\book\342759 
035 |a RU\TPU\book\342758 
090 |a 317291 
100 |a 20160406d2014 k y0engy50 ba 
101 0 |a eng 
102 |a NL 
105 |a a z 001zy 
135 |a drcn ---uucaa 
200 1 |a Porous Materials  |b Electronic resource  |e Processing and Applications  |f eds. P. S. Liu, G. F. Chen 
203 |a Text  |c electronic 
210 |a Amsterdam  |c Elsevier  |d 2014 
230 |a 1 компьютерный файл (pdf; 48 Mb) 
300 |a Заглавие с титульного экрана 
333 |a Режим доступа: из корпоративной сети ТПУ 
337 |a Adobe Reader 
606 1 |a Материаловедение  |2 stltpush  |3 (RuTPU)RU\TPU\subj\41248  |9 61053 
610 1 |a электронный ресурс 
610 1 |a пористые материалы 
610 1 |a обработка 
610 1 |a покрытия 
610 1 |a высокотемпературные покрытия 
610 1 |a пластики 
675 |a 620.22  |v 3 
702 1 |a Liu  |b P. S.  |4 340 
702 1 |a Chen  |b G. F.  |4 340 
801 1 |a RU  |b 63413507  |c 20131216 
801 2 |a RU  |b 63413507  |c 20160620  |g RCR 
856 4 |u http://www.lib.tpu.ru/fulltext2/m/2016/science_book/Porous%20Materials_2014.pdf 
942 |c CF